[Event "IND-ch U15 Girls 38th"]
[Site "New Delhi"]
[Date "2022.12.03"]
[Round "9"]
[White "Falak, Joni Naik"]
[Black "Tanya, Verma"]
[Result "0-1"]
[WhiteElo "1421"]
[BlackElo "1220"]
[PlyCount "116"]
[EventDate "2022.11.28"]
[EventType "swiss"]
[EventRounds "11"]
[EventCountry "IND"]
[SourceTitle "CBM 211 Extra"]
[Source "ChessBase"]
[SourceDate "2023.01.31"]
[SourceVersion "1"]
[SourceVersionDate "2023.01.31"]
[SourceQuality "1"]

1. d4 d5 2. Nf3 Nf6 3. e3 Bf5 4. b3 e6 5. a3 Be7 6. Bb2 c6 7. Nbd2 Nbd7 8. Be2 0-0 9. 0-0 Rc8 10. Rc1 Rc7 11. c4 Qb8 12. Ne5 Nxe5 13. dxe5 Ne4 14. g4 Bg6 15. f4 Nxd2 16. Qxd2 Be4 17. Bf3 Bxf3 18. Rxf3 Rd8 19. Qf2 dxc4 20. Rxc4 c5 21. f5 Rcd7 22. Rc2 b6 23. f6 Bf8 24. Qe2 Qb7 25. e4 Rd1+ 26. Kf2 Qd7 27. Bc3 b5 28. Qe3 b4 29. axb4 cxb4 30. Be1 a5 31. Kg2 a4 32. bxa4 Qxa4 33. Rcf2 g6 34. h4 Qa1 35. Rf1 Qxe5 36. h5 R1d3 37. Qe2 Rxf3 38. Rxf3 Rd4 39. Bg3 Rxe4 40. Qf1 Rxg4 41. hxg6 Rxg6 42. Qd3 Qg5 43. Qd4 h5 44. Kf1 Qb5+ 45. Ke1 Qc6 46. Rd3 Qh1+ 47. Kf2 Rg5 48. Qd8 Rd5 49. Rxd5 Qxd5 50. Qxd5 exd5 51. Be5 Kh7 52. Ke3 Bc5+ 53. Kd3 Kg6 54. Kd2 Kf5 55. Bb2 h4 56. Ke2 Ke4 57. Kf1 Bd4 58. Bc1 b3 0-1

[Event "IND-ch U15 Girls 38th"]
[Site "New Delhi"]
[Date "2022.12.01"]
[Round "6"]
[White "Rout, Yashita"]
[Black "Tanya, Verma"]
[Result "0-1"]
[WhiteElo "1780"]
[BlackElo "1220"]
[PlyCount "140"]
[EventDate "2022.11.28"]
[EventType "swiss"]
[EventRounds "11"]
[EventCountry "IND"]
[SourceTitle "CBM 211 Extra"]
[Source "ChessBase"]
[SourceDate "2023.01.31"]
[SourceVersion "1"]
[SourceVersionDate "2023.01.31"]
[SourceQuality "1"]

1. e4 c5 2. Nf3 d6 3. Bb5+ Nd7 4. d4 cxd4 5. Qxd4 a6 6. Bxd7+ Bxd7 7. c4 Nf6 8. Nc3 e5 9. Qd3 Be7 10. 0-0 0-0 11. Rd1 h6 12. Nd2 Rc8 13. Nf1 Qc7 14. Ne3 Be6 15. Ncd5 Nxd5 16. cxd5 Bd7 17. Bd2 Qb6 18. Bc3 Bg5 19. Re1 Rc5 20. Rad1 Rfc8 21. Qe2 a5 22. Qf3 Qd8 23. g3 b6 24. Qg2 Qf8 25. f3 Kh7 26. Qf2 Qe7 27. Ng2 Ba4 28. Ra1 Bf6 29. Ne3 Bd7 30. Rac1 Bg5 31. Rb1 Bxe3 32. Qxe3 g5 33. Kh1 f5 34. f4 gxf4 35. gxf4 Rc4 36. fxe5 dxe5 37. Qxb6 fxe4 38. Rg1 Bf5 39. Rbf1 Qd7 40. Bxe5 Bg4 41. Qf6 Rg8 42. Qf7+ Qxf7 43. Rxf7+ Kg6 44. Rc7 Kf5 45. Rxg4 Rxg4 46. Rxc4 Kxe5 47. d6 Kxd6 48. h3 Kd5 49. Ra4 Rg8 50. Rxa5+ Kd4 51. Ra7 e3 52. Rd7+ Ke4 53. Re7+ Kd3 54. Rd7+ Ke2 55. a4 Ke1 56. b4 e2 57. Re7 Rd8 58. a5 Kd2 59. b5 Rd5 60. b6 Rxa5 61. b7 Rb5 62. Rd7+ Kc2 63. Re7 Kd3 64. Rd7+ Ke3 65. Re7+ Kf2 66. Rf7+ Kg3 67. Rg7+ Kxh3 68. Rg1 Rxb7 69. Re1 Rd7 70. Kg1 Kg3 0-1